| 000 | 00428nam a22001577a 4500 | ||
|---|---|---|---|
| 003 | macl | ||
| 005 | 20160204121004.0 | ||
| 008 | 160204b xxu||||| |||| 00| 0 eng d | ||
| 040 | _cmacl | ||
| 041 | _aEnglish | ||
| 100 |
_aSoni Mukta _936828 |
||
| 245 | _aGlimpses Of Strategies & The Roll Of Dice In Parliamentary Elections | ||
| 260 |
_aNew Delhi _bBetter Boks _c2008 |
||
| 650 |
_aPolotical Science _91991 |
||
| 942 |
_2ddc _cBK |
||
| 999 |
_c53204 _d53204 |
||